The biography of sugar

Bibliographic Details
Main Author: Eagen, Rachel
Format: Book
Published: New York : Crabtree Publishing Company , 2006
Series:How did that get here?
Subjects:

MARC

LEADER 00000cam a2200000 7i4500
001 0000103554
005 20061018.0
020 |a 0778725219 
090 0 0 |a 630   |b EAG 
100 1 |a Eagen, Rachel 
245 1 4 |a The biography of sugar   |c Rachel Eagen 
260 |a New York :   |b Crabtree Publishing Company ,   |c 2006 
300 |a 32p. :   |b ill. ;   |c 28cm. 
490 0 |a How did that get here? 
650 0 0 |a Sugar beet   |x Juvenile literature 
650 0 0 |a Sugar cane   |x Juvenile literature 
650 0 0 |a Sugar   |x Juvenile literature 
999 |a 00196046   |b BUKU   |c JUNIOR BOOKS   |e PERPUSTAKAAN KOMUNITI PETALING JAYA